Historia de la fiebre amarilla (Record no. 91988)

MARC details
000 -LEADER
campo de control de longitud fija 00788nam a2200217 i 4500
001 - NÚMERO DE CONTROL
campo de control 91988
003 - IDENTIFICADOR DE NÚMERO DE CONTROL
campo de control ES-MaACL
005 - FECHA Y HORA DE LA ÚLTIMA TRANSACCIÓN
campo de control 20230906180854.0
007 - CAMPO FIJO DE DESCRIPCIÓN FÍSICA--INFORMACIÓN GENERAL
campo de control de longitud fija t|
008 - DATOS DE LONGITUD FIJA--INFORMACIÓN GENERAL
campo de control de longitud fija 050314s1989 mx ||||1| spa d
020 ## - NÚMERO INTERNACIONAL ESTÁNDAR DEL LIBRO
Número Internacional Estándar del Libro 968-6029-07-9
080 ## - NÚMERO DE LA CLASIFICACIÓN DECIMAL UNIVERSAL
Número de la Clasificación Decimal Universal 616.98:578.833.21
100 1# - ENTRADA PRINCIPAL--NOMBRE DE PERSONA
Nombre de persona Delaporte, François.
9 (RLIN) 43316
245 10 - MENCIÓN DEL TÍTULO
Título Historia de la fiebre amarilla
Resto del título : nacimiento de la medicina tropical /
Mención de responsabilidad, etc. por François Delaporte ; presentación de Georges Canguilhem.
250 ## - MENCION DE EDICION
Mención de edición 1ª ed.
260 ## - PUBLICACIÓN, DISTRIBUCIÓN, ETC.
Lugar de publicación, distribución, etc. Paris :
Nombre del editor, distribuidor, etc. Centre d'Etudes Mexicains et Centraméricaines ;
Lugar de publicación, distribución, etc. México :
Nombre del editor, distribuidor, etc. Instituto de Investigaciones Históricas,
Fecha de publicación, distribución, etc. [1989]
300 ## - DESCRIPCIÓN FÍSICA
Extensión 162 p. :
Otras características físicas il. ;
Dimensiones 22 cm.
650 14 - PUNTO DE ACCESO ADICIONAL DE MATERIA--TÉRMINO DE MATERIA
Término de materia o nombre geográfico como elemento de entrada Fiebre amarilla.
9 (RLIN) 12774
700 1# - ENTRADA AGREGADA--NOMBRE PERSONAL
Nombre de persona Canguilhem, Georges.
9 (RLIN) 34500
852 ## - LOCALIZACIÓN
Ubicación ES-MaACL
Número de control de estantería E-10815
Sublocalización o colección R.130032
Holdings
Estatus retirado Estado de pérdida Estado de daño No para préstamo Biblioteca de origen Biblioteca actual Ubicación en estantería Fecha de adquisición Fuente de adquisición Total de préstamos Signatura topográfica completa Código de barras Visto por última vez Precio de reemplazo Tipo de ítem Koha
        Biblioteca del Ateneo de Madrid Biblioteca del Ateneo de Madrid Depósito 2 17/01/2008     E-10815 1096047 23/02/2023 23/02/2023 Libro impreso